000 00342nam a2200157Ia 4500
003 Ost
005 20260225132540.0
008 260225s9999||||xx |||||||||||||| ||und||
040 _cfsic
041 _afre
082 _a170
100 _aI.R.C.O.M
_eAuteur
245 0 _aEthique et communication /
245 0 _cI.R.C.O.M
942 _cكتاب
999 _c33439
_d33439